000 00343 a2200169 4500
001 184505
020 _a85-08-05746-6
040 _cMagnum
100 _aBandeira, Pedro
240 1 0 _aProva de fogo
_lpor
245 1 0 _aProva de fogo
300 _a95
362 0 _a1996
440 1 _aÁtica
697 _aLITERATURA JUVENIL
942 _cBK
999 _c184505
_d184505